| 000 | 00484nam a2200169Ia 4500 | ||
|---|---|---|---|
| 003 | IN-BaIIA | ||
| 008 | 211028s9999 xx 000 0 eng d | ||
| 040 | _cIIA Library | ||
| 080 |
_a52 _bMOR |
||
| 100 |
_aMoreux, Th. Abbe _94767 |
||
| 245 | 0 |
_aPour comprendre L'Astronomie _c Abbe Th. Moreux |
|
| 260 |
_aParis, _bG.Din _c1937 |
||
| 300 | _a222p | ||
| 650 |
_aAstronomy _980 |
||
| 650 | _aAstronomy and Astrophysics Thesaurus | ||
| 942 | _cBK | ||
| 999 |
_c2671 _d2671 |
||